|
|
|
|
| LEADER |
02124nam a22004571i 4500 |
| 001 |
EBC3239247 |
| 003 |
MiAaPQ |
| 005 |
20200520144314.0 |
| 006 |
m o d | |
| 007 |
cr cnu|||||||| |
| 008 |
130625s2013 it ab ob i000 0 eng d |
| 020 |
|
|
|z 9789251076248
|
| 020 |
|
|
|a 9789251076255
|q (electronic bk.)
|
| 035 |
|
|
|a (MiAaPQ)EBC3239247
|
| 035 |
|
|
|a (Au-PeEL)EBL3239247
|
| 035 |
|
|
|a (CaPaEBR)ebr10816048
|
| 035 |
|
|
|a (OCoLC)901615336
|
| 040 |
|
|
|a MiAaPQ
|b eng
|e rda
|e pn
|c MiAaPQ
|d MiAaPQ
|
| 043 |
|
|
|a d------
|
| 050 |
|
4 |
|a HD9000.5
|b .R47 2013
|
| 082 |
0 |
|
|a 338.1768091724
|2 23
|
| 245 |
0 |
0 |
|a Resilient livelihoods :
|b disaster risk reduction for food and nutrition security /
|c Food and Agriculture Organization of the United Nations.
|
| 246 |
3 |
0 |
|a Disaster risk reduction for food and nutrition security
|
| 250 |
|
|
|a 2013 edition.
|
| 264 |
|
1 |
|a Rome :
|b Emergency and Rehabilitation Division, Food and Agriculture Organization of the United Nations,
|c 2013.
|
| 300 |
|
|
|a 1 online resource (93 pages) :
|b colour illustrations, colour map
|
| 336 |
|
|
|a text
|2 rdacontent
|
| 337 |
|
|
|a computer
|2 rdamedia
|
| 338 |
|
|
|a online resource
|2 rdacarrier
|
| 500 |
|
|
|a "April 2013."
|
| 500 |
|
|
|a Includes executive summary.
|
| 504 |
|
|
|a Includes bibliographical references.
|
| 588 |
|
|
|a Description based on print version record.
|
| 590 |
|
|
|a Electronic reproduction. Ann Arbor, MI : ProQuest, 2015. Available via World Wide Web. Access may be limited to ProQuest affiliated libraries.
|
| 650 |
|
0 |
|a Food security.
|
| 650 |
|
0 |
|a Emergency management
|x Planning.
|
| 650 |
|
0 |
|a Economic development
|z Developing countries.
|
| 655 |
|
4 |
|a Electronic books.
|
| 776 |
0 |
8 |
|i Print version:
|t Resilient livelihoods : disaster risk reduction for food and nutrition security.
|d Rome : Emergency and Rehabilitation Division, Food and Agriculture Organization of the United Nations, 2013
|h xi, 91 pages : colour illustrations, colour map ; 30 cm.
|z 9789251076248
|w (OCoLC)850980690
|
| 797 |
2 |
|
|a ProQuest (Firm)
|
| 856 |
4 |
0 |
|u https://ebookcentral.proquest.com/lib/matrademy/detail.action?docID=3239247
|z Click to View
|